| 000 | 00558nam a2200205 a 4500 | ||
|---|---|---|---|
| 005 | 20210219153052.0 | ||
| 008 | 991125n 000 0 eng u | ||
| 035 | _aUPN01000075664 | ||
| 100 | 1 | _aAvery, Carol | |
| 222 | _aINSTRUCTOR | ||
| 245 | _aEliminating "Junk" writing: ready to write | ||
| 300 | _a22 | ||
| 362 | _a1993 102, no. 6 | ||
| 653 | 0 | _aACTIVIDADES DE CLASE | |
| 653 | 0 | _aDESARROLLO DE HABILIDADES | |
| 653 | 0 | _aINSTRUCCION PARA LA ESCRITURA | |
| 653 | 0 | _aREVISION (COMPOSICION ESCRITA) | |
| 904 |
_aAC _b013475 |
||
| 905 | _aArticulo | ||
| 999 |
_c67636 _d67636 |
||